Ηθική Φιλοσοφία

Αποθηκεύτηκε σε:
Λεπτομέρειες βιβλιογραφικής εγγραφής
Κύριος συγγραφέας: Πελεγρίνης, Θεοδόσιος Ν.
Μορφή: Βιβλίο
Γλώσσα:Greek
Δημοσίευση: Αθήνα : Ελληνικά Γράμματα, 1997
Έκδοση:2η έκδ.
Θέματα:
Ετικέτες: Προσθήκη ετικέτας
Δεν υπάρχουν, Καταχωρήστε ετικέτα πρώτοι!

MARC

LEADER 00000cam a2200000 i 4500
001 1/67342
008 990121s1997 gre d
020 |a 960-344-302-6 
035 |l 10047461 
040 |a GR-MY-UA  |b gre  |e aacr 
041 0 |a gre 
082 0 |a 170 
100 1 |a Πελεγρίνης, Θεοδόσιος Ν. 
245 1 0 |a Ηθική Φιλοσοφία /  |c Θεοδόσιος Ν.Πελεγρίνης 
250 |a 2η έκδ. 
260 |a Αθήνα :   |b Ελληνικά Γράμματα,   |c 1997 
300 |a 189 σ. 
650 0 0 |a Ethics. 
852 |a INST  |b RHODES  |e 19990121  |h 170 ΠΕΛ  |p 005400005722  |q 005400005722  |t BK  |y 12 
901 |a BIBL-1999-1 
909 |a Ρ  |b 052775  |c 1997 
922 |a 4ΕΛΗ  |b 199712  |c ΦΙΟΡΑΒΑΝΤΕΣ  |d EMVASIS 
970 |z 2000/07/ΚΑΤΕΡΙΝΑ